000 003930000a22001690004500
005 20120302054848.0
942 _cBOOK
100 _a Aathawale,Shantaaram
245 _a Sukhachi Lipee
260 _aMumbai:Sri Gajaanan Book Depo Prakashan,1973.
300 _a10,162p.
040 _aMAR
365 _b10/-
650 _aSankirna
650 _aGranth-Sankirna
650 _aSukhachi Lipee
999 _c346810
_d346807